[Event "SWZ-ch"]
[Site "?"]
[Date "1993.??.??"]
[Round "?"]
[White "Ekstroem, Roland"]
[Black "Landenbergue, Claude"]
[Result "1-0"]
[WhiteElo "2420"]
[BlackElo "2405"]

1.e4 c5 2.Nf3 e6 3.d4 cxd4 4.Nxd4 a6 5.Nc3 Nc6 6.g3 Nge7 7.Bg2 Nxd4 8.Qxd4 Nc6
9.Qe3 d6 10.b3 Be7 11.Bb2 O-O 12.O-O-O Qc7 13.Kb1 b5 14.f4 Bb7 15.h4 Rac8
16.Rd2 Bf6 17.e5 dxe5 18.Ne4 Be7 19.fxe5 Nxe5 20.Ng5 Bxg2 21.Rxg2 Bxg5 22.hxg5 Ng6
23.Rgh2 Rfd8 24.Qe4 Qc6 25.Qe2 Qc5 26.Rxh7 e5 27.Bxe5 Re8 28.Qh5 Qxc2+ 29.Ka1 f6
30.gxf6 Rxe5 31.Rxg7+  1-0

[Event "SWZ-chT"]
[Site "?"]
[Date "1993.??.??"]
[Round "?"]
[White "Milosevic, Goran"]
[Black "Hirzel, Rene"]
[Result "1-0"]
[WhiteElo "2410"]
[BlackElo "2215"]

1.e4 c5 2.Nf3 e6 3.d4 cxd4 4.Nxd4 a6 5.Nc3 Nc6 6.g3 Nge7 7.Nb3 d6 8.Bg2 Bd7
9.a4 Nc8 10.O-O Be7 11.f4 Bf6 12.g4 h6 13.Be3 Na5 14.Qd3 Nxb3 15.cxb3 Bc6
16.Rad1 Qc7 17.Rd2 O-O 18.Qe2 Qa5 19.Rc2 Qb4 20.Qf2 Ne7 21.e5 dxe5 22.g5 exf4
23.Bc5 Bd4 24.Bxb4 Bxf2+ 25.Rcxf2  1-0

[Event "Szeged op"]
[Site "Szeged"]
[Date "1993.??.??"]
[Round "3"]
[White "Neverov, Anatoly"]
[Black "Papp, Zsolt"]
[Result "1/2-1/2"]
[WhiteElo "2305"]
[BlackElo "2150"]

1.e4 c5 2.Nf3 e6 3.d4 cxd4 4.Nxd4 a6 5.Nc3 Qc7 6.g3 g6 7.Bg2 Bg7 8.O-O Ne7
9.Be3 O-O 10.a4 Nbc6 11.Nb3 b6 12.f4 Bb7 13.Qd2 Nb4 14.Qf2 Nc8 15.a5 bxa5
16.Nxa5 d5 17.Bc5 d4 18.Bxb4 dxc3 19.bxc3 Rb8 20.Nxb7 Rxb7 21.e5 Rb5 22.Bxf8 Bxf8
23.Qf3 Ne7 24.Rxa6 Nd5 25.Kh1 Rc5 26.Ra3 Rc4 27.Rb3 Nxc3 28.Qb7 Qc5 29.Ra1 Ne2
30.Qb5 Qd4 31.Re1 Rxc2 32.Qd3 Qf2 33.Rf1 Qxg2+ 34.Kxg2 Nxf4+ 35.Kf3 Nxd3
36.Rxd3 Rxh2 37.Rd7 Rh5 38.Ke4 Rf5 39.Rxf5 gxf5+ 40.Kf4 Bh6+ 41.Kf3 Kg7 42.g4 fxg4+  1/2-1/2

[Event "Szekszard op"]
[Site "Szekszard"]
[Date "1993.??.??"]
[Round "5"]
[White "Boros, Daniel"]
[Black "Bauer, Tamas"]
[Result "0-1"]
[WhiteElo "2250"]
[BlackElo "2335"]

1.e4 c5 2.Nf3 e6 3.d4 cxd4 4.Nxd4 a6 5.Nc3 Qc7 6.Be2 b5 7.O-O Bb7 8.Bf3 d6
9.a4 bxa4 10.Rxa4 Nd7 11.Re1 Be7 12.g3 Ngf6 13.Bg2 O-O 14.f4 Nb6 15.Ra1 Rfd8
16.Kh1 Bf8 17.Nb3 Nc4 18.Qe2 e5 19.fxe5 dxe5 20.Nd2 Nd6 21.Nf1 h6 22.h3 Be7
23.g4 Rac8 24.Ng3 Nh7 25.Nf5 Nxf5 26.gxf5 Bh4 27.Rg1 Nf6 28.Bf3 Kh7 29.Qg2 Rg8
30.Be3 g6 31.fxg6+ Rxg6 32.Qh2 Bg5 33.Bxg5 hxg5 34.Qe2 Qc4 35.Qxc4 Rxc4 36.Rae1 Rg8
37.Rg3 Kh6 38.Kh2 Rd8 39.Re2 Rdd4 40.h4 g4 41.Bxg4 Nxe4 42.Nxe4 Rxe4 43.Rxe4 Rxe4
44.Kg1 Rf4 45.h5 Rd4 46.Kf1 Be4 47.Be2 Bxc2  0-1

[Event "Szombathely"]
[Site "Szombathely"]
[Date "1993.??.??"]
[Round "4"]
[White "Tomcsanyi, Peter"]
[Black "Voloshin, Leonid"]
[Result "0-1"]
[WhiteElo "2275"]
[BlackElo "2420"]

1.e4 c5 2.Nf3 e6 3.d4 cxd4 4.Nxd4 a6 5.Nc3 Qc7 6.g3 Nf6 7.Bg2 Be7 8.O-O O-O
9.Re1 d6 10.a4 Nc6 11.Nxc6 bxc6 12.a5 Bb7 13.Be3 c5 14.Bf4 Nd7 15.Qd2 Rad8
16.Red1 Qc6 17.Be3 Ne5 18.Qe2 Qc7 19.Na4 Nc6 20.Qe1 Nxa5 21.b4 Nc4 22.bxc5 dxc5
23.Bf4 e5 24.Qc3 exf4 25.Qxc4 Rxd1+ 26.Rxd1 Rd8 27.Rxd8+ Qxd8 28.Nc3 fxg3
29.hxg3 Qd4 30.Qb3 Qb4 31.Nd5 Qxb3 32.cxb3 Bf6 33.e5 Bxd5 34.Bxd5 Bxe5 35.g4 g6
36.Kg2 Kg7 37.f3 f5 38.Bc4 a5 39.Ba6 Kf6 40.Bc8 c4 41.bxc4 a4 42.g5+ Ke7  0-1

[Event "Ticino op"]
[Site "Ticino"]
[Date "1993.??.??"]
[Round "6"]
[White "Rausis, Igors"]
[Black "Ilijin, Neboisa"]
[Result "0-1"]
[WhiteElo "2575"]
[BlackElo "2290"]

1.e4 c5 2.Nc3 e6 3.Nf3 a6 4.d4 cxd4 5.Nxd4 Qc7 6.Be2 b5 7.O-O Bb7 8.Bf3 Nc6
9.Re1 Ne5 10.Bf4 d6 11.Bh5 Qc8 12.Bg3 Nf6 13.Be2 Be7 14.Bf1 O-O 15.f3 Nc4
16.Bxc4 Qxc4 17.Qd3 Qc7 18.a3 Nh5 19.Bf2 Nf4 20.Qd2 Ng6 21.a4 bxa4 22.Rxa4 Rac8
23.Rea1 h6 24.Nb3 Bf6 25.Bd4 Be5 26.Na5 Ba8 27.Qf2 f5 28.exf5 Rxf5 29.Rc4 Qd7
30.Rxc8+ Qxc8 31.Nb3 Bb7 32.Rd1 Qf8 33.Bxe5 Nxe5 34.Nd4 Rf6 35.Qe2 Rg6 36.Ne4 Qf4
37.Kh1 Bxe4 38.Qxe4 Qxe4 39.fxe4 Nc4 40.b3 Ne3 41.Rd2 Rg4 42.Nxe6 Rxe4 43.Nc7 Nd5
44.Kg1 Nxc7 45.Rxd6 Re2 46.c4 Rb2 47.Rb6 a5 48.c5 Nd5 49.Rb5 Nb4 50.Rxa5 Rxb3
51.Kf2 Rc3 52.Ke2 Nc6 53.Kd2 Rc4 54.Rb5 Kh7 55.Ke3 Ne5 56.h3 Nd7  0-1

[Event "DEN-ch"]
[Site "Tonder"]
[Date "1993.??.??"]
[Round "8"]
[White "Kristiansen, Jens"]
[Black "Mortensen, Erling"]
[Result "0-1"]
[WhiteElo "2415"]
[BlackElo "2445"]

1.e4 c5 2.Nf3 e6 3.Nc3 a6 4.d4 cxd4 5.Nxd4 Ne7 6.g3 Nbc6 7.Nb3 d6 8.Bg2 Bd7
9.O-O Nc8 10.a4 Be7 11.Qe2 O-O 12.a5 Qc7 13.f4 Bf6 14.Bd2 Nd4 15.Nxd4 Bxd4+
16.Kh1 Ne7 17.Rfc1 Rac8 18.Nd1 Bb5 19.Qe1 Bc6 20.c3 Ba7 21.c4 f5 22.Nc3 fxe4
23.Nxe4 Nf5 24.b4 Qd7 25.g4 Nd4 26.Ra3 d5 27.cxd5 exd5 28.Nc5 Bxc5 29.Rxc5 Qxg4
30.Bh3 Qh5 31.Bxc8 Rxc8 32.h3 Ne2 33.Re3 Nxf4 34.Kh2 Rf8 35.Rg3 Ne2 36.Re3 Nd4
37.Kg2 Nf3 38.Qe2 Qg6+  0-1

[Event "USA-ch (Women)"]
[Site "?"]
[Date "1993.??.??"]
[Round "?"]
[White "Marinello, Beatriz M"]
[Black "Pelech, Leslie"]
[Result "1-0"]
[WhiteElo "2160"]
[BlackElo "2220"]

1.e4 c5 2.Nf3 e6 3.d4 cxd4 4.Nxd4 a6 5.Nc3 Nc6 6.Be3 Qc7 7.g3 d6 8.Bg2 Be7
9.O-O Bd7 10.Kh1 Nf6 11.f4 Nxd4 12.Bxd4 e5 13.Bg1 Rc8 14.a4 b6 15.Rf2 O-O
16.Rd2 Qb7 17.Qe2 Rfd8 18.f5 Bc6 19.g4 h6 20.h4 d5 21.Nxd5 Nxd5 22.exd5 Bxd5
23.Rxd5 Rxd5 24.c4 Bxh4 25.Bxd5 Qe7 26.Bxb6 Bg3 27.Kg2 Bf4 28.a5 h5 29.Rh1  1-0

[Event "EU-ch U18"]
[Site "Vejen"]
[Date "1993.??.??"]
[Round "3"]
[White "Masserey, Yvan"]
[Black "Izsak, Gyula"]
[Result "1/2-1/2"]
[WhiteElo "2320"]
[BlackElo "2385"]

1.e4 c5 2.Nf3 e6 3.d4 cxd4 4.Nxd4 a6 5.Nc3 Qc7 6.f4 d6 7.Qf3 Nf6 8.Be3 Nc6
9.O-O-O Bd7 10.g4 Nxd4 11.Bxd4 e5 12.fxe5 dxe5 13.Qg3 Bd6 14.Be3 Bc6 15.Qf3 h6
16.g5 hxg5 17.Bxg5 O-O-O 18.Bc4 Be7 19.Qe2 Rxd1+ 20.Rxd1 Rd8 21.Bxf7 Rxd1+
22.Qxd1 Nxe4 23.Nxe4 Bxe4 24.Bxe7 Qxe7 25.Qg4+ Kb8 26.Qxe4 Qxf7 27.Qxe5+ Ka8
28.b3 Qd7 29.Kb2  1/2-1/2

[Event "Velden op"]
[Site "Velden"]
[Date "1993.??.??"]
[Round "8"]
[White "Felsberger, Alfred"]
[Black "Horvath, Csaba"]
[Result "1/2-1/2"]
[WhiteElo "2350"]
[BlackElo "2490"]

1.e4 c5 2.Nf3 e6 3.d4 cxd4 4.Nxd4 a6 5.Nc3 Qc7 6.Be2 Nf6 7.O-O Nc6 8.Kh1 Be7
9.f4 d6 10.Be3 O-O 11.a4 Re8 12.Qe1 Bf8 13.Qg3 Bd7 14.Rad1 Rac8 15.e5 dxe5
16.fxe5 Nd5 17.Nxd5 exd5 18.Nf3 Nxe5 19.Bf4 f6 20.Rxd5 Qc6 21.Rxe5 fxe5 22.Nxe5 Qxa4
23.b3 Qb4 24.Bd3 Be6 25.Bg5 Rc3 26.Bd2 Rxd3 27.Qxd3 Qb5 28.Re1 Qxd3 29.Nxd3  1/2-1/2

[Event "Villa Ballester op"]
[Site "Villa Ballester"]
[Date "1993.??.??"]
[Round "9"]
[White "Fuentes, Alberto"]
[Black "Perez, Raul"]
[Result "1-0"]
[WhiteElo "2315"]
[BlackElo "2245"]

1.e4 c5 2.Nf3 e6 3.Nc3 a6 4.d4 cxd4 5.Nxd4 Qc7 6.Bd3 Bc5 7.Nb3 Ba7 8.a4 Nf6
9.O-O Nc6 10.Kh1 h5 11.f4 Ng4 12.Qe2 Nd4 13.Nxd4 Bxd4 14.Nd1 g5 15.c3 gxf4
16.cxd4 Qd6 17.e5 Qxd4 18.Bxf4 b6 19.Be4 Rb8 20.Nc3 Qb4 21.Rad1  1-0

[Event "Sonnevanck"]
[Site "Wijk aan Zee"]
[Date "1993.??.??"]
[Round "3"]
[White "Reinderman, Dimitri"]
[Black "Sokolov, Andrei"]
[Result "1/2-1/2"]
[WhiteElo "2435"]
[BlackElo "2525"]

1.e4 c5 2.Nf3 e6 3.d4 cxd4 4.Nxd4 a6 5.Nc3 b5 6.Bd3 Ne7 7.f4 Nbc6 8.Nf3 d5
9.e5 b4 10.Na4 Bd7 11.Nc5 Nf5 12.Nxd7 Qxd7 13.Bxf5 exf5 14.Be3 Be7 15.Qd3 O-O
16.O-O-O Rfd8 17.Nd4 g6 18.h3 Rac8 19.g4 Nxd4 20.Bxd4 fxg4 21.Rdg1 g3 22.Rxg3 Bc5
23.Bxc5 Rxc5 24.f5 Rdc8 25.Rg2 d4 26.Rhg1 Qb5 27.Qf3 Qc6 28.Qd3 Qb5 29.Qf3 Qc6
30.Qd3  1/2-1/2

[Event "SWZ-GP Wohlen"]
[Site "Wohlen"]
[Date "1993.??.??"]
[Round "5"]
[White "Atlas, Valeri"]
[Black "Nemet, Ivan"]
[Result "1-0"]
[WhiteElo "2470"]
[BlackElo "2415"]

1.e4 c5 2.Nf3 e6 3.d4 cxd4 4.Nxd4 a6 5.Nc3 Qc7 6.g3 Nf6 7.Bg2 d6 8.O-O Be7
9.g4 Nc6 10.g5 Nd7 11.a4 O-O 12.Nde2 Rb8 13.f4 b5 14.Ng3 b4 15.Nce2 Re8 16.b3 Bf8
17.Bb2 a5 18.h4 Ba6 19.Qd2 Rbc8 20.Rf2 Ne7 21.Nd4 e5 22.Nb5 Bxb5 23.axb5 Ng6
24.f5 Nxh4 25.Bh1 d5 26.Rh2 Qb6+ 27.Kf1 Qxb5+ 28.Ne2 Nxf5 29.exf5 d4 30.Be4 Nc5
31.Bd3 Nxd3 32.Qxd3 Qxd3 33.cxd3 Rc2 34.Rb1 e4 35.Rg2 exd3 36.Nxd4 Rxg2 37.Kxg2 Bc5
38.Kf3 Re5 39.Rd1 Bxd4 40.Bxd4 Rxf5+ 41.Kg4 Rd5 42.Rxd3 h5+ 43.gxh6 gxh6
44.Rd1 h5+ 45.Kf4 Kh7 46.Ke4 Rg5 47.Rg1 Kg6 48.Rxg5+ Kxg5 49.Bb6 a4 50.bxa4 h4
51.a5 b3 52.Kd3 h3 53.Bc7 f5 54.a6  1-0

[Event "Zaragoza op"]
[Site "Zaragoza"]
[Date "1993.??.??"]
[Round "?"]
[White "Vilar Lopez, Monica"]
[Black "Vyzmanavin, Alexey"]
[Result "0-1"]
[WhiteElo "2135"]
[BlackElo "2605"]

1.e4 c5 2.Nf3 e6 3.Nc3 a6 4.d4 cxd4 5.Nxd4 Qc7 6.Be2 b5 7.a3 Bb7 8.O-O Nf6
9.Bf3 d6 10.Re1 Be7 11.e5 dxe5 12.Bxb7 Qxb7 13.Rxe5 O-O 14.Re3 Nbd7 15.Nb3 Rac8
16.Qe2 Nb6 17.Rd3 Nc4 18.Nd2 Nd6 19.Nf3 Rfd8 20.Ne5 Nf5 21.Bg5 Rxd3 22.Qxd3 Qc7
23.Nf3 h6 24.Bd2 Rd8 25.Qe2 Nd4 26.Nxd4 Rxd4 27.h3 Qc6 28.Be3 Rc4 29.Qd3 Nd7
30.Ne2 Ne5 31.Qb3 Bc5 32.Rd1 Nd7 33.Qd3 Bxe3 34.Qxe3 Rxc2 35.Qd3 Rxb2 36.Rc1 Qb7
37.Nf4 Qb6 38.Rc8+ Nf8 39.Qf3 Qd6 40.Rc6 Qe5 41.Rc1 Ra2  0-1

[Event "BRA-ch"]
[Site "Brasilia"]
[Date "1994.01.??"]
[Round "9"]
[White "Van Riemsdijk, Herman C"]
[Black "Egoroff, Jomar"]
[Result "1-0"]
[WhiteElo "2435"]
[BlackElo "2280"]

1.e4 c5 2.Nf3 e6 3.d4 cxd4 4.Nxd4 a6 5.Nc3 Qc7 6.g3 Nf6 7.Bg2 Be7 8.O-O Nc6
9.Re1 O-O 10.Nxc6 dxc6 11.e5 Nd5 12.Ne4 Qxe5 13.c4 Nf6 14.Bg5 Qf5 15.g4 Qa5
16.Qf3 Nxe4 17.Bxe7 Re8 18.b4 Qc7 19.Bh4 Nd6 20.Bg3 e5 21.Bxe5 f6 22.Bg3 Qd7
23.Red1  1-0

[Event "Aalborg op"]
[Site "Aalborg"]
[Date "1994.??.??"]
[Round "1"]
[White "Rasmussen, Peter"]
[Black "Isaksen, Brian"]
[Result "1-0"]
[WhiteElo "2325"]
[BlackElo "2245"]

1.e4 c5 2.Nf3 e6 3.d4 cxd4 4.Nxd4 a6 5.Nc3 Ne7 6.Be2 Nec6 7.Be3 Nxd4 8.Qxd4 Nc6
9.Qb6 Qxb6 10.Bxb6 Be7 11.O-O-O O-O 12.f4 Bd8 13.Na4 Rb8 14.g3 d5 15.exd5 exd5
16.Rxd5 Be6 17.Rd2 Bxb6 18.Nxb6 Rfd8 19.Rhd1 Kf8 20.Nd7+ Bxd7 21.Rxd7 Rxd7
22.Rxd7 Ke8 23.Rc7 Nd4 24.Bc4 b5 25.Bxf7+  1-0

[Event "Aalborg op"]
[Site "Aalborg"]
[Date "1994.??.??"]
[Round "2"]
[White "Rewitz, Poul"]
[Black "Sorensen, Torben"]
[Result "1-0"]
[WhiteElo "2285"]
[BlackElo "2285"]

1.e4 c5 2.Nf3 e6 3.d4 cxd4 4.Nxd4 a6 5.Nc3 Qc7 6.Bd3 Nf6 7.f4 d6 8.Qf3 Be7
9.g4 b5 10.Be3 Bb7 11.Rg1 Nc6 12.g5 Nd7 13.O-O-O Rc8 14.Qh3 Nc5 15.g6 Nxd3+
16.Rxd3 Nxd4 17.gxf7+ Kf8 18.Bxd4 e5 19.Qe6 Bf6 20.fxe5 dxe5 21.Bb6 Qc6 22.Rd6 Qc4
23.Qd7  1-0

[Event "Aarhus op"]
[Site "Aarhus"]
[Date "1994.??.??"]
[Round "5"]
[White "Sobjerg, Erik"]
[Black "Jensen, Vagn"]
[Result "1/2-1/2"]
[WhiteElo "2265"]
[BlackElo "2250"]

1.e4 c5 2.Nf3 e6 3.Nc3 a6 4.d4 cxd4 5.Nxd4 Qc7 6.Be2 Nf6 7.O-O Nc6 8.Be3 Bb4
9.Nxc6 bxc6 10.Na4 O-O 11.Nb6 Rb8 12.Nxc8 Rfxc8 13.Bxa6 Rf8 14.Bd3 Bd6 15.f4 e5
16.f5 Be7 17.g4  1/2-1/2

[Event "Acasusso Valle op"]
[Site "Acasusso"]
[Date "1994.??.??"]
[Round "2"]
[White "Palacios, Bobby"]
[Black "Giardelli, Sergio C"]
[Result "0-1"]
[WhiteElo "2180"]
[BlackElo "2475"]

1.e4 c5 2.Nf3 e6 3.d4 cxd4 4.Nxd4 a6 5.Nc3 Qb6 6.Nb3 Qc7 7.a3 Nf6 8.Be3 b5
9.f3 Be7 10.Qd2 Nc6 11.O-O-O Ne5 12.Bf4 O-O 13.h4 d6 14.Bxe5 dxe5 15.g4 Rd8
16.Bd3 Bd7 17.h5 h6 18.g5 Nh7 19.Qf2 Nxg5 20.Rdg1 a5 21.Nxb5 Bxb5 22.Bxb5 a4
23.Bxa4 Rxa4  0-1

[Event "Aschach op"]
[Site "Aschach"]
[Date "1994.??.??"]
[Round "?"]
[White "Mazi, Leon"]
[Black "Payrits, Helmut"]
[Result "1-0"]
[WhiteElo "2365"]
[BlackElo "1770"]

1.e4 c5 2.Nf3 e6 3.d4 cxd4 4.Nxd4 a6 5.Nc3 Qc7 6.Bd3 Nf6 7.O-O h5 8.h3 Bc5
9.Be3 b5 10.Re1 Bb7 11.a3 d6 12.Qd2 Nbd7 13.Rad1 Ne5 14.Bxb5+ Kf8 15.Bf1 Bxe4
16.Nxe6+ fxe6 17.Bxc5 Qxc5 18.Nxe4 Nxe4 19.Rxe4 Rh6 20.Qxd6+ Qxd6 21.Rxd6 Ke7
22.Rxa6 Rxa6 23.Bxa6 Nd7 24.b4 e5 25.Bb5 Re6 26.Bxd7 Kxd7 27.c4 Kd6 28.f4  1-0

[Event "Aschach op"]
[Site "Aschach"]
[Date "1994.??.??"]
[Round "?"]
[White "Mazi, Leon"]
[Black "Farago, Ivan"]
[Result "1-0"]
[WhiteElo "2365"]
[BlackElo "2515"]

1.e4 c5 2.Nf3 e6 3.d4 cxd4 4.Nxd4 a6 5.Nc3 Qc7 6.g3 Bb4 7.Bd2 Nf6 8.Bg2 Nc6
9.Nb3 O-O 10.O-O Be7 11.f4 Rd8 12.e5 Ne8 13.Qe2 d5 14.Rae1 Nb4 15.Be3 Nc6
16.Bf2 b5 17.g4 Bb7 18.f5 d4 19.fxe6 fxe6 20.Ne4 Rd5 21.Bg3 Nd8 22.Qf2 Qb6
23.Nd6 Nxd6 24.exd6 Bxd6 25.Bxd6 Qxd6 26.Bxd5 Bxd5 27.Qxd4 Rc8 28.Rf2 Rc4
29.Qd1 h5 30.gxh5 Rh4 31.Re3 Qb6 32.Qe2 Nf7 33.Rg3 Re4 34.Qd2 Nh6 35.h3 Nf5
36.Rg4 Re3 37.Nd4 Rxh3 38.Rh2 Bf3 39.Rf4 Rxh5 40.Rxh5 Bxh5 41.Qf2 Nh6 42.Qe3 Kh7
43.Qxe6 Qc5 44.Kf2 Bf7 45.Qe3 Bg6 46.Ke1 Qd5 47.a3 Qg2 48.Qf2 Qd5 49.Kd2 Qa2
50.Nf3 Bf5 51.Qc5  1-0

[Event "AUT-chT2W 9495"]
[Site "Austria"]
[Date "1994.??.??"]
[Round "?.5"]
[White "Goeldi, Hans"]
[Black "Schneider, E."]
[Result "0-1"]
[WhiteElo "1845"]
[BlackElo "1865"]

1.e4 c5 2.Nf3 e6 3.d4 cxd4 4.Nxd4 a6 5.Nc3 Qc7 6.Be2 Nf6 7.a3 Be7 8.Be3 O-O
9.f4 d6 10.O-O Bd7 11.g4 Nc6 12.g5 Nxd4 13.Bxd4 Ne8 14.Bd3 g6 15.Rf3 Bc6
16.Qe1 e5 17.Be3 Ng7 18.f5 gxf5 19.Rxf5 Nxf5 20.exf5 f6 21.g6 hxg6 22.fxg6 f5
23.Bc4+ Kg7 24.Qf1 Rf6 25.Bf7 f4 26.Bf2 Rh8 27.Qc4 b5 28.Nd5 bxc4 29.Nxc7 Rh6
30.Nxa6 Rhxg6+ 31.Bxg6 Rxg6+ 32.Kf1 d5 33.Nb4 Bb7 34.c3 Rh6 35.Rd1 Rxh2 36.Nxd5 Rh1+
37.Ke2 f3+ 38.Kd2 Rxd1+ 39.Kxd1 Bxd5 40.Kd2 Kg6 41.a4 Kf5 42.a5 Bg5+ 43.Ke1 e4
44.a6 e3 45.a7 exf2+ 46.Kxf2 Ke4 47.b3 cxb3 48.c4 Bb7  0-1

[Event "AUT-chT"]
[Site "?"]
[Date "1994.??.??"]
[Round "?"]
[White "Weiss, Christian"]
[Black "Schlosser, Michael"]
[Result "1-0"]
[WhiteElo "2225"]
[BlackElo "2400"]

1.e4 c5 2.Nf3 e6 3.d4 cxd4 4.Nxd4 a6 5.Nc3 Qc7 6.g3 Nf6 7.Bg2 Nc6 8.O-O Nxd4
9.Qxd4 Bc5 10.Qd3 Ng4 11.Qe2 h5 12.Bf4 Ne5 13.Na4 Ba7 14.b3 b5 15.Nb2 Bd4
16.Rab1 Bb7 17.Nd3 f6 18.Rbc1 Bc3 19.Rfd1 h4 20.Bd2 hxg3 21.hxg3 Rc8 22.Nxe5 Bxe5
23.c4 Bc6 24.cxb5 axb5 25.Bb4 Qb7 26.Rc5 Bc7 27.Rh5 Kf7 28.Qg4 g6 29.Rh4 Bb6
30.Qh3 Kg7 31.e5 fxe5 32.Bc3 Bxg2 33.Bxe5+ Kf7 34.Rh7+ Rxh7 35.Qxh7+  1-0

[Event "AUT-chT"]
[Site "?"]
[Date "1994.??.??"]
[Round "?"]
[White "Teuschler, Hugo"]
[Black "Tscholowitsch, Christian"]
[Result "0-1"]
[WhiteElo "2095"]
[BlackElo "2130"]

1.e4 c5 2.Nf3 e6 3.d4 cxd4 4.Nxd4 a6 5.Nc3 Qc7 6.a3 Nf6 7.Be2 Be7 8.Be3 d6
9.f4 Nbd7 10.O-O O-O 11.Nb3 b5 12.Bd3 Bb7 13.Qe1 g6 14.Kh1 Rac8 15.Bd4 Nc5
16.Nxc5 dxc5 17.Bxf6 Bxf6 18.e5 Be7 19.Be4 Rcd8 20.Rd1 b4 21.Bxb7 bxc3 22.Bxa6 cxb2
23.Bb5 c4 24.Qc3 Rxd1 25.Rxd1 Rd8 26.Rb1 Qa7 27.Qxb2 Qf2 28.Qc1 Rd2 29.Qf1 Qd4
30.Bxc4 Rxc2 31.Bd3 Rf2 32.Qd1 Bxa3 33.Bb5 Qxf4 34.Qd8+ Kg7 35.Qc7 Bb2 36.Qc4 Qg5
37.Qe4 Rf4 38.Qe2  0-1

[Event "AUT-chT"]
[Site "?"]
[Date "1994.??.??"]
[Round "?"]
[White "Freitag, Manfred"]
[Black "Weiss, Christian"]
[Result "1-0"]
[WhiteElo "2275"]
[BlackElo "2225"]

1.e4 c5 2.Nf3 e6 3.d4 cxd4 4.Nxd4 a6 5.Nc3 Qc7 6.Be2 Nf6 7.O-O Nc6 8.Nb3 b5
9.a3 Bb7 10.f4 Na5 11.Nxa5 Qxa5 12.Bf3 b4 13.e5 Qb6+ 14.Kh1 bxc3 15.exf6 cxb2
16.Bxb2 Qxb2 17.fxg7 Bxg7 18.Rb1 Qxa3 19.Rxb7 Rd8 20.f5 Qc3 21.Be4 Bf6 22.fxe6 fxe6
23.Qg4 Ke7 24.Rd1 h5 25.Qe2 Qe5 26.Qd3 h4 27.Rxd7+ Rxd7 28.Qxd7+  1-0

[Event "Bad Ragaz op"]
[Site "Bad Ragaz"]
[Date "1994.??.??"]
[Round "3"]
[White "Wagner Michel, Annett"]
[Black "Salov, Sergei"]
[Result "1-0"]
[WhiteElo "2180"]
[BlackElo "2270"]

1.e4 c5 2.Nf3 e6 3.d4 cxd4 4.Nxd4 a6 5.Nc3 Qc7 6.g3 d6 7.Bg2 Bd7 8.O-O Nc6
9.a4 Nf6 10.Nb3 b6 11.f4 Rb8 12.g4 h6 13.Qe2 b5 14.axb5 axb5 15.Be3 b4 16.Nb5 Qb7
17.Nxd6+ Bxd6 18.e5 Qb5 19.Qxb5 Rxb5 20.exd6 Nxg4 21.Ra8+ Rb8 22.Rxb8+ Nxb8
23.Bc5 Bc6 24.Ra1 O-O 25.d7 Rd8 26.Bxc6 Nxc6 27.Ra6 Nb8 28.Ra8 Rxd7 29.Rxb8+ Kh7
30.Rxb4 Rd1+ 31.Kg2 Nf6 32.Rd4 Rb1 33.Ba3 Nd5 34.Nd2 Rc1 35.c4 Ne3+ 36.Kf3 Nc2
37.Rd7 Kg6 38.Bc5 h5 39.Bf2 f6 40.Nb3 Rb1 41.Nd4 Rxb2 42.Nxe6 Rb3+ 43.Ke4 f5+
44.Ke5 Ne3 45.Rxg7+ Kh6 46.Bxe3 Rxe3+ 47.Kxf5  1-0

[Event "Bad Ragaz op"]
[Site "Bad Ragaz"]
[Date "1994.??.??"]
[Round "7"]
[White "Roth, Peter"]
[Black "Salov, Sergei"]
[Result "1/2-1/2"]
[WhiteElo "2290"]
[BlackElo "2270"]

1.e4 c5 2.Nf3 e6 3.d4 cxd4 4.Nxd4 a6 5.Nc3 Qc7 6.Bd3 Nf6 7.Qe2 d6 8.O-O Nc6
9.Nxc6 bxc6 10.f4 Be7 11.Kh1 Nd7 12.Bd2 Bf6 13.Rf3 Nc5 14.Raf1 Nxd3 15.cxd3 Be7
16.b3 Bd7 17.Rg3 g6 18.d4 d5 19.f5 dxe4 20.fxe6 Bxe6 21.Nxe4 O-O 22.Bf4 Qd8  1/2-1/2

[Event "Bad Woerishofen op"]
[Site "Bad Woerishofen"]
[Date "1994.??.??"]
[Round "6"]
[White "Galdunts, Sergey"]
[Black "Stangl, Markus"]
[Result "1-0"]
[WhiteElo "2420"]
[BlackElo "2540"]

1.e4 c5 2.Nf3 e6 3.Nc3 a6 4.d4 cxd4 5.Nxd4 d6 6.g3 Nf6 7.Bg2 Be7 8.O-O O-O
9.Re1 Qc7 10.Be3 Nc6 11.Nxc6 bxc6 12.Na4 d5 13.exd5 Nxd5 14.Bd4 Rd8 15.c4 Nb4
16.Bb6 Rxd1 17.Bxc7 Rxa1 18.Rxa1 Ra7 19.Ba5 c5 20.Nb6 Bb7 21.a3 Nc2 22.Rd1 Nd4
23.b4 f6 24.bxc5 Bxc5 25.Na4 Ne2+ 26.Kf1 Bxg2+ 27.Kxg2 Bxa3 28.c5 Bxc5 29.Nxc5 e5
30.Rd8+ Kf7 31.Bb6 Re7 32.Nxa6 Re6 33.Rb8 Nc3 34.Nb4 Ne4 35.Rb7+ Kg6 36.Nd5 Nd6
37.Bc5 Nc4 38.Rd7 f5 39.Bf8  1-0

[Event "EUCup Gr"]
[Site "Baile Herculane"]
[Date "1994.??.??"]
[Round "2"]
[White "Erneste, Inguna"]
[Black "Sulava, Nenad"]
[Result "0-1"]
[WhiteElo "2300"]
[BlackElo "2400"]

1.e4 c5 2.Nf3 e6 3.d4 cxd4 4.Nxd4 a6 5.Nc3 Qc7 6.Bd3 Ne7 7.O-O Nec6 8.Nb3 d6
9.f4 Nd7 10.Be3 b6 11.Qf3 Be7 12.Qh3 Nc5 13.Qg3 O-O 14.f5 Bf6 15.fxe6 fxe6
16.Nxc5 bxc5 17.Bxc5 Ne5 18.Be3 Bd7 19.Rab1 Rf7 20.Ne2 Raf8 21.Nd4 Nc4 22.Bxc4 Qxc4
23.Rfd1 Be5 24.Qg5 h6 25.Qg6 Rf6 26.Qg4 Rf4 27.Qh3 Rxe4 28.c3 Bc8 29.Rf1 Bf6
30.Nc2 Bb7 31.Rbd1 Rh4 32.b3 Qxf1+ 33.Rxf1 Rxh3 34.gxh3 Bxc3 35.Rxf8+ Kxf8
36.Bd4 Ba5 37.b4 Bc7 38.Ne3 e5 39.Ba7 Kf7 40.Kf2 Ke6 41.Ke2 g5 42.Kd3 d5  0-1

[Event "Baile Herculane (Women)"]
[Site "Baile Herculane"]
[Date "1994.??.??"]
[Round "5"]
[White "Baumstark, Gertrude"]
[Black "Uskova, Fliura"]
[Result "1/2-1/2"]
[WhiteElo "2135"]
[BlackElo "2255"]

1.e4 c5 2.Nf3 e6 3.Nc3 a6 4.d4 cxd4 5.Nxd4 Qc7 6.Be2 Nf6 7.O-O Bb4 8.Qd3 Nc6
9.Nxc6 bxc6 10.Bg5 d5 11.Bxf6 gxf6 12.Na4 Bd6 13.h3 Bb7 14.Bf3 O-O 15.c4 dxc4
16.Qxc4 c5 17.Rac1 Bc6 18.e5  1/2-1/2

[Event "Barcelona UGA"]
[Site "Barcelona"]
[Date "1994.??.??"]
[Round "6"]
[White "Ochoa de Echaguen, F Javier"]
[Black "Vidarte Morales, Arturo"]
[Result "1-0"]
[WhiteElo "2430"]
[BlackElo "2420"]

1.e4 c5 2.Nc3 e6 3.Nf3 a6 4.d4 cxd4 5.Nxd4 Nc6 6.Be3 Nge7 7.Nb3 d6 8.Qd2 Qc7
9.f4 Bd7 10.Bd3 Nc8 11.O-O Be7 12.Ne2 O-O 13.Ng3 Re8 14.Rad1 b5 15.f5 Ne5
16.f6 Bxf6 17.Rxf6 gxf6 18.Nh5 Ng4 19.h3 Nxe3 20.Qxe3 Qa7 21.Nd4 Kh8 22.c3 Rg8
23.Qh6 Rg6 24.Qf8+ Rg8 25.Qh6 Rg6 26.Qf8+ Rg8 27.Qxf7 Be8 28.Qxf6+  1-0

[Event "JUG-chT Cup"]
[Site "Becici"]
[Date "1994.??.??"]
[Round "?"]
[White "Popovic, Mladen"]
[Black "Pikula, Dejan"]
[Result "0-1"]
[WhiteElo "2320"]
[BlackElo "2360"]

1.e4 c5 2.Nf3 e6 3.d4 cxd4 4.Nxd4 a6 5.Nc3 Qc7 6.Be3 Nf6 7.Bd3 Nc6 8.Nxc6 dxc6
9.a4 a5 10.O-O e5 11.h3 Bd6 12.Ne2 O-O 13.Ng3 Re8 14.Bg5 Nd7 15.Nf5 Bf8 16.Bc4 Nc5
17.Qf3 Bxf5 18.exf5 Nxa4 19.Rxa4 b5 20.Bxf7+ Qxf7 21.Rg4 Ra6 22.Rd1 a4 23.c3 c5
24.Re4 b4 25.Qe2 Rd6 26.Rxd6 Bxd6 27.Qb5 Rf8 28.g4 h6 29.Bc1 Qd5 30.Qe2 Qb3
31.Re3 Qa2 32.Kg2 Bc7 33.cxb4 cxb4 34.Qc2 Qd5+ 35.f3 Bb6 36.Re4 a3 37.bxa3 bxa3
38.Qd2 Qxd2+ 39.Bxd2 Bd4 40.Re1 Rc8 41.Kf1 Rc2 42.Rd1 Ra2  0-1

[Event "JUG-chT Cup"]
[Site "Becici"]
[Date "1994.??.??"]
[Round "?"]
[White "Dabetic, Radojica"]
[Black "Tosic, Miroslav"]
[Result "1/2-1/2"]
[WhiteElo "2325"]
[BlackElo "2445"]

1.e4 c5 2.Nf3 e6 3.d4 cxd4 4.Nxd4 a6 5.Nc3 Qc7 6.g3 b5 7.Bg2 Bb7 8.O-O Bc5
9.Be3 Ne7 10.a4 bxa4 11.Nxa4 Ba7 12.Qe2 O-O 13.Nb3 d6 14.Rfd1 Nd7 15.Bxa7 Rxa7
16.Nc3 Nc8 17.Rd4 Ndb6 18.Na5 Ba8 19.Nb3  1/2-1/2

[Event "Belgrade Trako"]
[Site "Belgrade"]
[Date "1994.??.??"]
[Round "13"]
[White "Cosma, Ioan"]
[Black "Milu, Romeo Sorin"]
[Result "1/2-1/2"]
[WhiteElo "2435"]
[BlackElo "2430"]

1.e4 c5 2.Nc3 e6 3.Nf3 a6 4.d4 cxd4 5.Nxd4 Ne7 6.Be2 Nec6 7.Nb3 b5 8.Be3 d6
9.O-O Bb7 10.a3 Be7 11.f4 O-O  1/2-1/2

[Event "Berliner Sommer"]
[Site "Berlin"]
[Date "1994.??.??"]
[Round "?"]
[White "Schoeneich, Matthias"]
[Black "Zapolskis, Antanas"]
[Result "1-0"]
[WhiteElo "2205"]
[BlackElo "2375"]

1.e4 c5 2.Nf3 e6 3.d4 cxd4 4.Nxd4 a6 5.Nc3 Qc7 6.Be2 Nc6 7.Nb3 b5 8.a3 Nf6
9.O-O b4 10.axb4 Bxb4 11.f4 Bxc3 12.bxc3 Nxe4 13.Ba3 Nxc3 14.Qe1 Nxe2+ 15.Qxe2 Ne7
16.f5 Bb7 17.Nc5 Qc6 18.Nxb7 Qxb7 19.Kh1 Qc6 20.Rad1 Rc8 21.Qe5 f6 22.Qg3 Kf7
23.Bxe7 Rhe8 24.fxe6+ dxe6 25.Ba3 e5 26.Rd6 Qb5 27.Qf2 Kg8 28.Rfd1 Qa4 29.Bc1 Rxc2
30.Qa7 Qg4 31.Qb7 Qc8 32.Qd5+ Kf8 33.Ba3  1-0

[Event "Berliner Sommer"]
[Site "Berlin"]
[Date "1994.??.??"]
[Round "?"]
[White "Malisauskas, Vidmantas"]
[Black "Arbakov, Valentin"]
[Result "0-1"]
[WhiteElo "2510"]
[BlackElo "2570"]

1.e4 c5 2.Nf3 e6 3.d4 cxd4 4.Nxd4 a6 5.Nc3 b5 6.Bd3 Bb7 7.O-O Qc7 8.Qe2 Nc6
9.Nxc6 Qxc6 10.f4 Nf6 11.e5 b4 12.Nb1 Ne4 13.Be3 Bc5 14.Bxc5 Nxc5 15.Nd2 Nxd3
16.cxd3 Qc2 17.Qe3 O-O 18.b3 Rac8 19.Ne4 Bxe4 20.Qxe4 a5 21.Rf2 Qc3 22.Rd1 f5
23.exf6 Qxf6 24.d4 Qf5 25.Qxf5 Rxf5 26.g4 Rd5 27.Kg2 Kf7 28.Rfd2 h5 29.h3 Kf6
30.Kf3 Rc3+ 31.Kg2 hxg4 32.hxg4 g5 33.Rf1 gxf4 34.Rxf4+ Kg5 35.Re4 Kh4 36.Kf1 Rg5
37.d5 Rxg4 38.dxe6 Rxe4 39.exd7 Rf3+ 40.Kg2 Rg3+  0-1